<?xml version="1.0" encoding="UTF-8"?>
<record
    xmlns:xsi="http://www.w3.org/2001/XMLSchema-instance"
    xsi:schemaLocation="http://www.loc.gov/MARC21/slim http://www.loc.gov/standards/marcxml/schema/MARC21slim.xsd"
    xmlns="http://www.loc.gov/MARC21/slim">

  <leader>00801nam a22001577a 4500</leader>
  <controlfield tag="003">OSt</controlfield>
  <controlfield tag="005">20151022170718.0</controlfield>
  <controlfield tag="008">151022b        xxu||||| |||| 00| 0 eng d</controlfield>
  <datafield tag="040" ind1=" " ind2=" ">
    <subfield code="c">RUA</subfield>
  </datafield>
  <datafield tag="082" ind1=" " ind2=" ">
    <subfield code="a">AVM CHE 2011 B100 Or.1</subfield>
  </datafield>
  <datafield tag="100" ind1=" " ind2=" ">
    <subfield code="9">2706</subfield>
    <subfield code="a">CHEA, RORTANA.</subfield>
  </datafield>
  <datafield tag="245" ind1=" " ind2=" ">
    <subfield code="a">Effect of pyrantel and albendazole on toxocara vitulorum in cattle and buffalo cal ves at boribor district, kamponga chhnang province, &#x1794;&#x17D2;&#x179A;&#x179F;&#x17B7;&#x1791;&#x17D2;&#x1792;&#x1797;&#x17B6;&#x1796; PYRANTEL &#x1793;&#x17B7;&#x1784; ALBENDAZOLE &#x1780;&#x17D2;&#x1793;&#x17BB;&#x1784;&#x1780;&#x17B6;&#x179A;&#x1791;&#x17C6;&#x179B;&#x17B6;&#x1780;&#x17CB;&#x1794;&#x179A;&#x17B6;&#x179F;&#x17B7;&#x178F; TOXOCARA VITULORUM &#x179B;&#x17BE;&#x1780;&#x17BC;&#x1793;&#x1782;&#x17C4; &#x1793;&#x17B7;&#x1784;&#x1780;&#x17BC;&#x1793;&#x1780;&#x17D2;&#x179A;&#x1794;&#x17B8;&#x1780;&#x17D2;&#x1793;&#x17BB;&#x1784;&#x179F;&#x17D2;&#x179A;&#x17BB;&#x1780;&#x1794;&#x179A;&#x17B7;&#x1794;&#x17BC;&#x178E;&#x17CD; &#x1781;&#x17C1;&#x178F;&#x17D2;&#x178F;&#x1780;&#x17C6;&#x1796;&#x1784;&#x17CB;&#x1786;&#x17D2;&#x1793;&#x17B6;&#x17C6;&#x1784;.</subfield>
  </datafield>
  <datafield tag="260" ind1=" " ind2=" ">
    <subfield code="a">phnom phen</subfield>
    <subfield code="b">RUA</subfield>
    <subfield code="c">2011</subfield>
  </datafield>
  <datafield tag="300" ind1=" " ind2=" ">
    <subfield code="a">XII,45p.</subfield>
    <subfield code="b">ill.</subfield>
    <subfield code="c">29cm.</subfield>
  </datafield>
  <datafield tag="942" ind1=" " ind2=" ">
    <subfield code="2">ddc</subfield>
    <subfield code="c">AVM</subfield>
  </datafield>
  <datafield tag="999" ind1=" " ind2=" ">
    <subfield code="c">2531</subfield>
    <subfield code="d">2531</subfield>
  </datafield>
  <datafield tag="952" ind1=" " ind2=" ">
    <subfield code="0">0</subfield>
    <subfield code="1">0</subfield>
    <subfield code="2">ddc</subfield>
    <subfield code="4">0</subfield>
    <subfield code="6">AVM_CHE_2011_000000000000000_B100_OR_1</subfield>
    <subfield code="7">0</subfield>
    <subfield code="9">11646</subfield>
    <subfield code="a">LBB</subfield>
    <subfield code="b">LBB</subfield>
    <subfield code="c">B100</subfield>
    <subfield code="d">2015-10-22</subfield>
    <subfield code="l">7</subfield>
    <subfield code="o">AVM CHE 2011 B100 Or.1</subfield>
    <subfield code="p">RUA016523</subfield>
    <subfield code="r">2018-12-18</subfield>
    <subfield code="s">2018-08-04</subfield>
    <subfield code="w">2015-10-22</subfield>
    <subfield code="y">AVM</subfield>
  </datafield>
  <datafield tag="952" ind1=" " ind2=" ">
    <subfield code="0">0</subfield>
    <subfield code="1">0</subfield>
    <subfield code="2">ddc</subfield>
    <subfield code="4">0</subfield>
    <subfield code="6">AVM_CHE_2011_000000000000000_B100_OR_2</subfield>
    <subfield code="7">0</subfield>
    <subfield code="9">11647</subfield>
    <subfield code="a">LBB</subfield>
    <subfield code="b">LBB</subfield>
    <subfield code="c">B100</subfield>
    <subfield code="d">2015-10-22</subfield>
    <subfield code="o">AVM CHE 2011 B100 Or.2</subfield>
    <subfield code="p">RUA016668</subfield>
    <subfield code="r">2015-10-22</subfield>
    <subfield code="w">2015-10-22</subfield>
    <subfield code="y">AVM</subfield>
  </datafield>
  <datafield tag="952" ind1=" " ind2=" ">
    <subfield code="0">0</subfield>
    <subfield code="1">0</subfield>
    <subfield code="2">ddc</subfield>
    <subfield code="4">0</subfield>
    <subfield code="6">AVM_CHE_2011_000000000000000_B100_OR_3</subfield>
    <subfield code="7">0</subfield>
    <subfield code="9">11648</subfield>
    <subfield code="a">LBB</subfield>
    <subfield code="b">LBB</subfield>
    <subfield code="c">B100</subfield>
    <subfield code="d">2015-10-22</subfield>
    <subfield code="l">1</subfield>
    <subfield code="o">AVM CHE 2011 B100 Or.3</subfield>
    <subfield code="p">RUA009098</subfield>
    <subfield code="r">2016-06-09</subfield>
    <subfield code="s">2016-05-26</subfield>
    <subfield code="w">2015-10-22</subfield>
    <subfield code="y">AVM</subfield>
  </datafield>
  <datafield tag="952" ind1=" " ind2=" ">
    <subfield code="0">0</subfield>
    <subfield code="1">0</subfield>
    <subfield code="2">ddc</subfield>
    <subfield code="4">0</subfield>
    <subfield code="6">AVM_CHE_2011_000000000000000_B100_OR_4</subfield>
    <subfield code="7">0</subfield>
    <subfield code="9">11649</subfield>
    <subfield code="a">LBB</subfield>
    <subfield code="b">LBB</subfield>
    <subfield code="c">B100</subfield>
    <subfield code="d">2015-10-22</subfield>
    <subfield code="l">2</subfield>
    <subfield code="o">AVM CHE 2011 B100 Or.4</subfield>
    <subfield code="p">RUA015131</subfield>
    <subfield code="r">2016-04-04</subfield>
    <subfield code="s">2016-03-17</subfield>
    <subfield code="w">2015-10-22</subfield>
    <subfield code="y">AVM</subfield>
  </datafield>
  <datafield tag="952" ind1=" " ind2=" ">
    <subfield code="0">0</subfield>
    <subfield code="1">0</subfield>
    <subfield code="2">ddc</subfield>
    <subfield code="4">0</subfield>
    <subfield code="6">AVM_CHE_2011_000000000000000_B100_OR_5</subfield>
    <subfield code="7">0</subfield>
    <subfield code="9">11650</subfield>
    <subfield code="a">LBB</subfield>
    <subfield code="b">LBB</subfield>
    <subfield code="c">B100</subfield>
    <subfield code="d">2015-10-22</subfield>
    <subfield code="o">AVM CHE 2011 B100 Or.5</subfield>
    <subfield code="p">RUA018737</subfield>
    <subfield code="r">2015-10-22</subfield>
    <subfield code="w">2015-10-22</subfield>
    <subfield code="y">AVM</subfield>
  </datafield>
  <datafield tag="952" ind1=" " ind2=" ">
    <subfield code="0">0</subfield>
    <subfield code="1">0</subfield>
    <subfield code="2">ddc</subfield>
    <subfield code="4">0</subfield>
    <subfield code="6">AVM_CHE_2011_000000000000000_B100_OR_6</subfield>
    <subfield code="7">0</subfield>
    <subfield code="9">37056</subfield>
    <subfield code="a">LBB</subfield>
    <subfield code="b">LBB</subfield>
    <subfield code="c">B100</subfield>
    <subfield code="d">2016-02-04</subfield>
    <subfield code="o">AVM CHE 2011 B100 Or.6</subfield>
    <subfield code="p">RUA052058</subfield>
    <subfield code="r">2016-02-04</subfield>
    <subfield code="w">2016-02-04</subfield>
    <subfield code="y">AVM</subfield>
  </datafield>
</record>
